[Event "56th Hull Congress"]
[Site "Hull"]
[Date "2019.11.02"]
[Round "3"]
[Board "7"]
[White "Gardiner, Eric D"]
[Black "Okhai, Shabir"]
[Result "0-1"]
[WhiteElo "1960"]
[BlackElo "2159"]
[PlyCount "0"]
[EventDate "2019.11.01"]
[EventRounds "5"]
[EventCountry "ENG"]

1. d4 {[%clk 01:30:55]} {[%emt 00:00:05]} Nf6 {[%clk 01:30:44]} {[%emt
00:00:15]} 2. Bg5 {[%clk 01:31:11]} {[%emt 00:00:15]} d5 {[%clk 01:30:56]}
{[%emt 00:00:18]} 3. Bxf6 {[%clk 01:31:30]} {[%emt 00:00:11]} exf6 {[%clk
01:31:21]} {[%emt 00:00:05]} 4. e3 {[%clk 01:31:42]} {[%emt 00:00:18]} Be6
{[%clk 01:31:17]} {[%emt 00:00:34]} 5. g3 {[%clk 01:31:43]} {[%emt 00:00:29]}
c6 {[%clk 01:31:27]} {[%emt 00:00:20]} 6. Bg2 {[%clk 01:30:51]} {[%emt
00:01:21]} Bd6 {[%clk 01:31:41]} {[%emt 00:00:16]} 7. Ne2 {[%clk 01:30:49]}
{[%emt 00:00:33]} h5 {[%clk 01:31:59]} {[%emt 00:00:11]} 8. Nf4 {[%clk
01:23:28]} {[%emt 00:07:52]} Bg4 {[%clk 01:31:48]} {[%emt 00:00:41]} 9. Bf3
{[%clk 01:21:40]} {[%emt 00:02:17]} f5 {[%clk 01:30:56]} {[%emt 00:01:23]} 10.
h3 {[%clk 01:11:55]} {[%emt 00:10:15]} Bxf3 {[%clk 01:29:33]} {[%emt 00:01:54]}
11. Qxf3 {[%clk 01:12:17]} {[%emt 00:00:07]} g6 {[%clk 01:29:22]} {[%emt
00:00:40]} 12. Nc3 {[%clk 01:09:04]} {[%emt 00:03:44]} Nd7 {[%clk 01:24:52]}
{[%emt 00:05:00]} 13. O-O-O {[%clk 01:02:27]} {[%emt 00:07:06]} Nf6 {[%clk
01:21:26]} {[%emt 00:03:56]} 14. Qe2 {[%clk 00:58:14]} {[%emt 00:04:43]} Qa5
{[%clk 01:19:14]} {[%emt 00:02:43]} 15. Kb1 {[%clk 00:54:10]} {[%emt 00:04:33]}
Bb4 {[%clk 01:13:44]} {[%emt 00:06:00]} 16. Rd3 {[%clk 00:52:24]} {[%emt
00:02:16]} O-O-O {[%clk 01:10:49]} {[%emt 00:03:26]} 17. h4 {[%clk 00:48:36]}
{[%emt 00:04:17]} Rhe8 {[%clk 01:10:01]} {[%emt 00:01:18]} 18. Rc1 {[%clk
00:43:30]} {[%emt 00:05:35]} c5 {[%clk 01:03:20]} {[%emt 00:07:13]} 19. dxc5
{[%clk 00:37:47]} {[%emt 00:06:12]} d4 {[%clk 01:02:13]} {[%emt 00:01:38]} 20.
Nd1 {[%clk 00:34:27]} {[%emt 00:03:49]} Ne4 {[%clk 00:55:01]} {[%emt 00:07:43]}
21. c3 {[%clk 00:34:26]} {[%emt 00:00:31]} dxc3 {[%clk 00:51:30]} {[%emt
00:04:01]} 22. Nxc3 {[%clk 00:32:25]} {[%emt 00:02:31]} Bxc3 {[%clk 00:50:37]}
{[%emt 00:01:23]} 23. Rcxc3 {[%clk 00:26:54]} {[%emt 00:06:00]} Nxc3+ {[%clk
00:50:15]} {[%emt 00:00:52]} 24. Rxc3 {[%clk 00:27:13]} {[%emt 00:00:11]} Qa4
{[%clk 00:45:59]} {[%emt 00:04:47]} 25. a3 {[%clk 00:23:24]} {[%emt 00:04:19]}
Qd1+ {[%clk 00:45:26]} {[%emt 00:01:03]} 26. Qxd1 {[%clk 00:23:40]} {[%emt
00:00:14]} Rxd1+ {[%clk 00:45:54]} {[%emt 00:00:02]} 27. Kc2 {[%clk 00:23:37]}
{[%emt 00:00:32]} Red8 {[%clk 00:43:24]} {[%emt 00:03:00]} 28. Nd3 {[%clk
00:23:43]} {[%emt 00:00:24]} Rf1 {[%clk 00:43:38]} {[%emt 00:00:16]} 29. c6
{[%clk 00:23:40]} {[%emt 00:00:33]} b5 {[%clk 00:35:29]} {[%emt 00:08:39]} 30.
Rc5 {[%clk 00:21:03]} {[%emt 00:03:07]} a6 {[%clk 00:30:24]} {[%emt 00:05:36]}
31. Re5 {[%clk 00:20:35]} {[%emt 00:00:57]} Kc7 {[%clk 00:29:21]} {[%emt
00:01:33]} 32. Re7+ {[%clk 00:20:06]} {[%emt 00:00:59]} Kxc6 {[%clk 00:29:04]}
{[%emt 00:00:48]} 33. Rxf7 {[%clk 00:20:17]} {[%emt 00:00:18]} Rd6 {[%clk
00:27:36]} {[%emt 00:01:58]} 34. Rg7 {[%clk 00:14:56]} {[%emt 00:05:51]} Kd5
{[%clk 00:26:39]} {[%emt 00:01:26]} 35. Re7 {[%clk 00:14:39]} {[%emt 00:00:47]}
Kc6 {[%clk 00:25:22]} {[%emt 00:01:48]} 36. Rg7 {[%clk 00:14:58]} {[%emt
00:00:11]} Kb6 {[%clk 00:25:18]} {[%emt 00:00:33]} 37. Re7 {[%clk 00:14:22]}
{[%emt 00:01:07]} a5 {[%clk 00:24:55]} {[%emt 00:00:54]} 38. e4 {[%clk
00:12:52]} {[%emt 00:01:58]} fxe4 {[%clk 00:23:28]} {[%emt 00:01:59]} 39. Rxe4
{[%clk 00:13:11]} {[%emt 00:00:10]} Kc6 {[%clk 00:20:57]} {[%emt 00:02:59]} 40.
Rf4 {[%clk 00:12:35]} {[%emt 00:01:08]} Kd5 {[%clk 00:19:16]} {[%emt 00:02:10]}
41. Rf8 {[%clk 00:12:34]} {[%emt 00:00:31]} a4 {[%clk 00:15:28]} {[%emt
00:04:19]} 42. Rf4 {[%clk 00:10:54]} {[%emt 00:02:10]} Ke6 {[%clk 00:13:37]}
{[%emt 00:02:21]} 43. Rf8 {[%clk 00:10:25]} {[%emt 00:00:58]} Ke7 {[%clk
00:13:45]} {[%emt 00:00:23]} 44. Rf4 {[%clk 00:10:25]} {[%emt 00:00:31]} Rf6
{[%clk 00:13:41]} {[%emt 00:00:34]} 45. Re4+ {[%clk 00:08:52]} {[%emt
00:02:02]} Re6 {[%clk 00:12:48]} {[%emt 00:01:23]} 46. Rf4 {[%clk 00:08:17]}
{[%emt 00:01:05]} Re2+ {[%clk 00:12:57]} {[%emt 00:00:20]} 47. Kc3 {[%clk
00:08:42]} {[%emt 00:00:06]} Rd1 {[%clk 00:12:50]} {[%emt 00:00:36]} 48. Rf3
{[%clk 00:05:15]} {[%emt 00:03:57]} Red2 {[%clk 00:11:06]} {[%emt 00:02:15]} 49.
Nf4 {[%clk 00:05:06]} {[%emt 00:00:39]} Rd6 {[%clk 00:11:09]} {[%emt 00:00:26]}
50. Nd3 {[%clk 00:04:24]} {[%emt 00:01:13]} Ke6 {[%clk 00:08:28]} {[%emt
00:03:11]} 51. Kc2 {[%clk 00:04:40]} {[%emt 00:00:14]} Rf1 {[%clk 00:08:18]}
{[%emt 00:00:41]} 52. Rf4 {[%clk 00:04:25]} {[%emt 00:00:44]} Ke7 {[%clk
00:08:22]} {[%emt 00:00:25]} 53. Kd2 {[%clk 00:03:20]} {[%emt 00:01:36]} Rf6
{[%clk 00:08:14]} {[%emt 00:00:37]} 54. Re4+ {[%clk 00:03:39]} {[%emt
00:00:12]} Kd6 {[%clk 00:08:05]} {[%emt 00:00:39]} 55. Ke2 {[%clk 00:03:01]}
{[%emt 00:01:08]} Rb1 {[%clk 00:08:24]} {[%emt 00:00:10]} 56. Rb4 {[%clk
00:02:53]} {[%emt 00:00:39]} Rf5 {[%clk 00:08:17]} {[%emt 00:00:37]} 57. Kd2
{[%clk 00:02:46]} {[%emt 00:00:37]} Kc6 {[%clk 00:08:20]} {[%emt 00:00:27]} 58.
Rd4 {[%clk 00:02:11]} {[%emt 00:01:05]} Rh1 {[%clk 00:07:48]} {[%emt 00:01:01]}
59. Ke2 {[%clk 00:02:08]} {[%emt 00:00:33]} Rf6 {[%clk 00:07:34]} {[%emt
00:00:45]} 60. Re4 {[%clk 00:01:49]} {[%emt 00:00:50]} Rb1 {[%clk 00:07:22]}
{[%emt 00:00:41]} 61. Rb4 {[%clk 00:01:46]} {[%emt 00:00:33]} Kb6 {[%clk
00:05:19]} {[%emt 00:02:34]} 62. Rd4 {[%clk 00:01:53]} {[%emt 00:00:22]} Rc6
{[%clk 00:05:14]} {[%emt 00:00:35]} 63. Kd2 {[%clk 00:01:56]} {[%emt 00:00:27]}
Rh1 {[%clk 00:05:26]} {[%emt 00:00:17]} 64. Rf4 {[%clk 00:02:03]} {[%emt
00:00:23]} Rd6 {[%clk 00:05:40]} {[%emt 00:00:18]} 65. Ke2 {[%clk 00:02:06]}
{[%emt 00:00:26]} Rb1 {[%clk 00:05:43]} {[%emt 00:00:27]} 66. Rb4 {[%clk
00:01:48]} {[%emt 00:00:47]} Rf6 {[%clk 00:04:10]} {[%emt 00:02:04]} 67. Re4
{[%clk 00:01:46]} {[%emt 00:00:32]} Rh1 {[%clk 00:03:53]} {[%emt 00:00:48]} 68.
Rd4 {[%clk 00:01:39]} {[%emt 00:00:37]} Ka5 {[%clk 00:03:47]} {[%emt 00:00:34]}
69. Rd8 {[%clk 00:01:47]} {[%emt 00:00:22]} Rf5 {[%clk 00:03:41]} {[%emt
00:00:36]} 70. Ra8+ {[%clk 00:01:36]} {[%emt 00:00:42]} Kb6 {[%clk 00:04:05]}
{[%emt 00:00:06]} 71. Re8 {[%clk 00:01:34]} {[%emt 00:00:32]} g5 {[%clk
00:04:09]} {[%emt 00:00:26]} 72. Re6+ {[%clk 00:01:44]} {[%emt 00:00:19]} Kc7
{[%clk 00:04:25]} {[%emt 00:00:14]} 73. hxg5 {[%clk 00:02:05]} {[%emt
00:00:10]} Rxg5 {[%clk 00:04:44]} {[%emt 00:00:10]} 74. Re4 {[%clk 00:02:09]}
{[%emt 00:00:26]} Rg4 {[%clk 00:03:38]} {[%emt 00:01:37]} 75. Re5 {[%clk
00:02:31]} {[%emt 00:00:08]} Kc6 {[%clk 00:03:26]} {[%emt 00:00:42]} 76. Rf5
{[%clk 00:02:53]} {[%emt 00:00:07]} Re4+ {[%clk 00:03:28]} {[%emt 00:00:28]} 77.
Kd2 {[%clk 00:02:36]} {[%emt 00:00:48]} Re6 {[%clk 00:03:32]} {[%emt 00:00:25]}
78. Nb4+ {[%clk 00:02:32]} {[%emt 00:00:34]} Kb6 {[%clk 00:03:46]} {[%emt
00:00:17]} 79. Nd3 {[%clk 00:02:34]} {[%emt 00:00:28]} Rh2 {[%clk 00:03:57]}
{[%emt 00:00:19]} 80. Rf4 {[%clk 00:02:06]} {[%emt 00:00:58]} Rg6 {[%clk
00:04:06]} {[%emt 00:00:20]} 81. Ke3 {[%clk 00:02:04]} {[%emt 00:00:32]} Rh1
{[%clk 00:04:14]} {[%emt 00:00:22]} 82. Kd2 {[%clk 00:02:02]} {[%emt 00:00:33]}
Rg5 {[%clk 00:04:25]} {[%emt 00:00:19]} 83. Rf6+ {[%clk 00:01:55]} {[%emt
00:00:37]} Kc7 {[%clk 00:04:53]} {[%emt 00:00:02]} 84. Rf4 {[%clk 00:01:59]}
{[%emt 00:00:26]} Kd6 {[%clk 00:04:57]} {[%emt 00:00:26]} 85. Rb4 {[%clk
00:01:57]} {[%emt 00:00:31]} Rh2 {[%clk 00:04:55]} {[%emt 00:00:32]} 86. Ke3
{[%clk 00:02:04]} {[%emt 00:00:24]} Rd5 {[%clk 00:04:55]} {[%emt 00:00:29]} 87.
Rf4 {[%clk 00:02:13]} {[%emt 00:00:21]} Rh1 {[%clk 00:05:02]} {[%emt 00:00:24]}
88. Rf6+ {[%clk 00:01:50]} {[%emt 00:00:53]} Ke7 {[%clk 00:05:28]} {[%emt
00:00:03]} 89. Rf4 {[%clk 00:02:09]} {[%emt 00:00:12]} Rd1 {[%clk 00:05:23]}
{[%emt 00:00:36]} 90. Nb4 {[%clk 00:01:41]} {[%emt 00:00:57]} Re1+ {[%clk
00:05:46]} {[%emt 00:00:06]} 91. Kf3 {[%clk 00:02:04]} {[%emt 00:00:08]} Rd2
{[%clk 00:05:28]} {[%emt 00:00:45]} 92. Rf5 {[%clk 00:01:06]} {[%emt 00:01:31]}
Rxb2 {[%clk 00:05:24]} {[%emt 00:00:33]} 93. Rxb5 {[%clk 00:01:29]} {[%emt
00:00:08]} Rb3+ {[%clk 00:05:37]} {[%emt 00:00:17]} 94. Kf4 {[%clk 00:01:41]}
{[%emt 00:00:18]} Re2 {[%clk 00:05:05]} {[%emt 00:01:01]} 95. f3 {[%clk
00:01:08]} {[%emt 00:01:04]} Rf2 {[%clk 00:05:14]} {[%emt 00:00:21]} 96. Rxh5
{[%clk 00:00:50]} {[%emt 00:00:49]} Rfxf3+ {[%clk 00:05:25]} {[%emt 00:00:18]}
97. Ke4 {[%clk 00:01:11]} {[%emt 00:00:09]} Rxg3 {[%clk 00:05:41]} {[%emt
00:00:14]} 98. Nd5+ {[%clk 00:01:26]} {[%emt 00:00:16]} Kd6 {[%clk 00:05:52]}
{[%emt 00:00:17]} 99. Rh6+ {[%clk 00:01:42]} {[%emt 00:00:15]} Kc5 {[%clk
00:06:16]} {[%emt 00:00:06]} 100. Rh8 {[%clk 00:01:13]} {[%emt 00:01:00]} Rg4+
{[%clk 00:06:01]} {[%emt 00:00:44]} 101. Nf4 {[%clk 00:01:28]} {[%emt
00:00:15]} Rxa3 {[%clk 00:05:44]} {[%emt 00:00:47]} 102. Rc8+ {[%clk 00:01:17]}
{[%emt 00:00:40]} Kb5 {[%clk 00:05:48]} {[%emt 00:00:27]} 103. Kf5 {[%clk
00:01:28]} {[%emt 00:00:19]} Rg1 {[%clk 00:05:44]} {[%emt 00:00:34]} 104. Rb8+
{[%clk 00:01:37]} {[%emt 00:00:21]} Kc4 {[%clk 00:05:56]} {[%emt 00:00:17]} 105.
Ke5 {[%clk 00:01:17]} {[%emt 00:00:51]} Re3+ {[%clk 00:06:01]} {[%emt
00:00:24]} 106. Kd6 {[%clk 00:01:22]} {[%emt 00:00:27]} Rd1+ {[%clk 00:06:15]}
{[%emt 00:00:15]} 107. Kc6 {[%clk 00:01:38]} {[%emt 00:00:15]} Re5 {[%clk
00:04:13]} {[%emt 00:02:29]} 108. Ra8 {[%clk 00:01:10]} {[%emt 00:01:00]} Kb3
{[%clk 00:04:25]} {[%emt 00:00:17]}  0-1

[Event "56th Hull Congress"]
[Site "Hull"]
[Date "2019.11.02"]
[Round "3"]
[Board "8"]
[White "Ackley, Peter Je"]
[Black "Merriman, John"]
[Result "1/2-1/2"]
[WhiteElo "2008"]
[BlackElo "2201"]
[PlyCount "0"]
[EventDate "2019.11.01"]
[EventRounds "5"]
[EventCountry "ENG"]

1. c4 {[%clk 01:30:59]} {[%emt 00:00:01]} b6 {[%clk 01:30:22]} {[%emt
00:00:38]} 2. Nc3 {[%clk 01:31:21]} {[%emt 00:00:08]} Bb7 {[%clk 01:30:17]}
{[%emt 00:00:35]} 3. e4 {[%clk 01:31:44]} {[%emt 00:00:07]} e6 {[%clk
01:30:28]} {[%emt 00:00:18]} 4. Nge2 {[%clk 01:32:08]} {[%emt 00:00:06]} f5
{[%clk 01:27:21]} {[%emt 00:03:37]} 5. exf5 {[%clk 01:23:52]} {[%emt 00:08:47]}
exf5 {[%clk 01:27:45]} {[%emt 00:00:06]} 6. d4 {[%clk 01:23:24]} {[%emt
00:00:57]} Nf6 {[%clk 01:26:38]} {[%emt 00:01:38]} 7. Qd3 {[%clk 01:23:00]}
{[%emt 00:00:54]} g6 {[%clk 01:26:16]} {[%emt 00:00:51]} 8. Bg5 {[%clk
01:19:11]} {[%emt 00:04:20]} Bg7 {[%clk 01:22:55]} {[%emt 00:03:50]} 9. O-O-O
{[%clk 01:18:05]} {[%emt 00:01:36]} h6 {[%clk 01:16:24]} {[%emt 00:07:01]} 10.
Bxf6 {[%clk 01:18:14]} {[%emt 00:00:21]} Qxf6 {[%clk 01:12:56]} {[%emt
00:03:58]} 11. Nf4 {[%clk 01:13:33]} {[%emt 00:05:12]} Nc6 {[%clk 00:48:06]}
{[%emt 00:25:21]} 12. Nfd5 {[%clk 01:10:08]} {[%emt 00:03:54]} Qg5+ {[%clk
00:47:35]} {[%emt 00:01:00]} 13. f4 {[%clk 01:09:59]} {[%emt 00:00:39]} Qd8
{[%clk 00:48:00]} {[%emt 00:00:06]} 14. g4 {[%clk 00:56:57]} {[%emt 00:13:32]}
O-O {[%clk 00:23:28]} {[%emt 00:25:03]} 15. gxf5 {[%clk 00:54:33]} {[%emt
00:02:54]} gxf5 {[%clk 00:22:57]} {[%emt 00:01:01]} 16. Rg1 {[%clk 00:47:26]}
{[%emt 00:07:36]} Kh8 {[%clk 00:21:26]} {[%emt 00:02:00]} 17. Qg3 {[%clk
00:26:08]} {[%emt 00:21:49]} Rg8 {[%clk 00:20:49]} {[%emt 00:01:07]} 18. Qh3
{[%clk 00:25:25]} {[%emt 00:01:12]} Ne7 {[%clk 00:19:07]} {[%emt 00:02:12]} 19.
Nf6 {[%clk 00:22:58]} {[%emt 00:02:58]} Qf8 {[%clk 00:13:20]} {[%emt 00:06:17]}
20. Nxd7 {[%clk 00:19:02]} {[%emt 00:04:27]} Qf7 {[%clk 00:13:13]} {[%emt
00:00:36]} 21. Ne5 {[%clk 00:18:59]} {[%emt 00:00:33]} Qf6 {[%clk 00:13:01]}
{[%emt 00:00:42]} 22. Bg2 {[%clk 00:18:35]} {[%emt 00:00:55]} c6 {[%clk
00:12:35]} {[%emt 00:00:56]} 23. Bf3 {[%clk 00:15:53]} {[%emt 00:03:12]} Kh7
{[%clk 00:12:08]} {[%emt 00:00:57]} 24. Kb1 {[%clk 00:14:16]} {[%emt 00:02:07]}
Bh8 {[%clk 00:11:15]} {[%emt 00:01:22]} 25. Rg3 {[%clk 00:13:47]} {[%emt
00:00:59]} Rad8 {[%clk 00:11:10]} {[%emt 00:00:35]} 26. Ne2 {[%clk 00:13:06]}
{[%emt 00:01:11]} Bc8 {[%clk 00:10:39]} {[%emt 00:01:01]} 27. Rdg1 {[%clk
00:12:52]} {[%emt 00:00:44]} Rxg3 {[%clk 00:09:25]} {[%emt 00:01:44]} 28. hxg3
{[%clk 00:12:41]} {[%emt 00:00:41]} c5 {[%clk 00:09:31]} {[%emt 00:00:24]} 29.
d5 {[%clk 00:10:35]} {[%emt 00:02:37]} Ng6 {[%clk 00:09:04]} {[%emt 00:00:56]}
30. Rh1 {[%clk 00:10:15]} {[%emt 00:00:51]} Bg7 {[%clk 00:07:59]} {[%emt
00:01:34]} 31. Nc3 {[%clk 00:09:45]} {[%emt 00:01:00]} Nxe5 {[%clk 00:07:20]}
{[%emt 00:01:10]} 32. fxe5 {[%clk 00:10:10]} {[%emt 00:00:05]} Qxe5 {[%clk
00:07:43]} {[%emt 00:00:07]} 33. Bd1 {[%clk 00:08:05]} {[%emt 00:02:35]} Kg8
{[%clk 00:05:10]} {[%emt 00:03:03]} 34. Bc2 {[%clk 00:07:59]} {[%emt 00:00:35]}
Rf8 {[%clk 00:03:34]} {[%emt 00:02:07]} 35. Qh4 {[%clk 00:06:36]} {[%emt
00:01:53]} Bd7 {[%clk 00:02:54]} {[%emt 00:01:10]} 36. Rd1 {[%clk 00:06:36]}
{[%emt 00:00:30]} Qe3 {[%emt 00:01:13]}  1/2-1/2

[Event "56th Hull Congress"]
[Site "Hull"]
[Date "2019.11.02"]
[Round "3"]
[Board "9"]
[White "Kilshaw, Joe"]
[Black "Munshi, Aditya"]
[Result "0-1"]
[WhiteElo "2029"]
[BlackElo "2183"]
[PlyCount "0"]
[EventDate "2019.11.01"]
[EventRounds "5"]
[EventCountry "ENG"]

1. d4 {[%clk 01:30:57]} {[%emt 00:00:02]} Nf6 {[%emt 00:01:14]} 2. Bf4 {[%clk
01:31:17]} {[%emt 00:00:06]} e6 {[%clk 01:30:03]} {[%emt 00:00:19]} 3. e3
{[%clk 01:31:21]} {[%emt 00:00:26]} c5 {[%clk 01:30:00]} {[%emt 00:00:33]} 4.
c3 {[%clk 01:31:28]} {[%emt 00:00:23]} Nc6 {[%clk 01:30:18]} {[%emt 00:00:12]}
5. Nd2 {[%clk 01:31:05]} {[%emt 00:00:53]} d5 {[%clk 01:30:25]} {[%emt
00:00:23]} 6. Bd3 {[%clk 01:31:10]} {[%emt 00:00:25]} Bd6 {[%clk 01:30:48]}
{[%emt 00:00:07]} 7. Bg3 {[%clk 01:28:25]} {[%emt 00:03:14]} O-O {[%clk
01:31:09]} {[%emt 00:00:09]} 8. Ngf3 {[%clk 01:28:33]} {[%emt 00:00:23]} b6
{[%clk 01:30:20]} {[%emt 00:01:19]} 9. Ne5 {[%clk 01:27:14]} {[%emt 00:01:48]}
Qc7 {[%clk 01:26:45]} {[%emt 00:04:06]} 10. f4 {[%clk 01:26:58]} {[%emt
00:00:45]} a5 {[%clk 01:25:27]} {[%emt 00:01:49]} 11. Qe2 {[%clk 01:26:42]}
{[%emt 00:00:45]} Bb7 {[%clk 01:23:11]} {[%emt 00:02:47]} 12. Bh4 {[%clk
01:25:02]} {[%emt 00:02:10]} Be7 {[%clk 01:18:10]} {[%emt 00:05:32]} 13. g4
{[%clk 01:19:36]} {[%emt 00:05:55]} Ne4 {[%clk 01:12:02]} {[%emt 00:06:37]} 14.
g5 {[%clk 01:14:49]} {[%emt 00:05:16]} Nxe5 {[%clk 00:55:21]} {[%emt 00:17:12]}
15. Bxe4 {[%clk 01:10:45]} {[%emt 00:04:33]} dxe4 {[%clk 00:48:28]} {[%emt
00:07:23]} 16. dxe5 {[%clk 01:08:54]} {[%emt 00:02:22]} Rad8 {[%clk 00:46:24]}
{[%emt 00:02:34]} 17. O-O-O {[%clk 01:07:03]} {[%emt 00:02:20]} Rd3 {[%clk
00:44:08]} {[%emt 00:02:49]} 18. Qf2 {[%clk 01:02:43]} {[%emt 00:04:48]} g6
{[%clk 00:39:18]} {[%emt 00:05:20]} 19. Bg3 {[%clk 01:02:28]} {[%emt 00:00:45]}
c4 {[%clk 00:38:49]} {[%emt 00:00:59]} 20. h4 {[%clk 01:01:36]} {[%emt
00:01:22]} b5 {[%clk 00:29:49]} {[%emt 00:09:31]} 21. h5 {[%clk 00:57:37]}
{[%emt 00:04:29]} Bc5 {[%clk 00:28:38]} {[%emt 00:01:40]} 22. hxg6 {[%clk
00:50:28]} {[%emt 00:07:38]} fxg6 {[%clk 00:27:41]} {[%emt 00:01:27]} 23. Rde1
{[%clk 00:48:59]} {[%emt 00:02:00]} b4 {[%clk 00:23:36]} {[%emt 00:04:35]} 24.
Nb1 {[%clk 00:43:04]} {[%emt 00:06:24]} Qb6 {[%emt 00:11:04]}  0-1

[Event "56th Hull Congress"]
[Site "Hull"]
[Date "2019.11.02"]
[Round "3"]
[Board "10"]
[White "Britton, Richard"]
[Black "Merriman, James"]
[Result "1-0"]
[WhiteElo "2160"]
[BlackElo "1891"]
[PlyCount "0"]
[EventDate "2019.11.01"]
[EventRounds "5"]
[EventCountry "ENG"]

1. e4 {[%clk 01:30:57]} {[%emt 00:00:02]} e6 {[%clk 01:30:39]} {[%emt
00:00:21]} 2. d3 {[%clk 01:31:21]} {[%emt 00:00:06]} d5 {[%clk 01:31:00]}
{[%emt 00:00:09]} 3. Nd2 {[%clk 01:31:47]} {[%emt 00:00:04]} Nc6 {[%clk
01:30:39]} {[%emt 00:00:52]} 4. Ngf3 {[%clk 01:32:01]} {[%emt 00:00:14]} Nf6
{[%clk 01:31:03]} {[%emt 00:00:07]} 5. c3 {[%clk 01:29:38]} {[%emt 00:02:54]}
dxe4 {[%clk 01:28:02]} {[%emt 00:03:30]} 6. dxe4 {[%clk 01:29:41]} {[%emt
00:00:27]} Bc5 {[%clk 01:28:15]} {[%emt 00:00:17]} 7. Bb5 {[%clk 01:29:11]}
{[%emt 00:01:01]} O-O {[%clk 01:28:00]} {[%emt 00:00:44]} 8. O-O {[%clk
01:29:36]} {[%emt 00:00:05]} Qe7 {[%clk 01:27:25]} {[%emt 00:01:05]} 9. e5
{[%clk 01:26:09]} {[%emt 00:03:58]} Nd7 {[%clk 01:27:05]} {[%emt 00:00:49]} 10.
Qe2 {[%clk 01:25:33]} {[%emt 00:01:05]} Ncb8 {[%clk 01:21:56]} {[%emt
00:05:39]} 11. Ne4 {[%clk 01:23:00]} {[%emt 00:03:04]} a6 {[%clk 01:20:27]}
{[%emt 00:01:59]} 12. Bd3 {[%clk 01:21:45]} {[%emt 00:01:46]} Nc6 {[%clk
01:19:36]} {[%emt 00:01:19]} 13. Bg5 {[%clk 01:16:31]} {[%emt 00:05:45]} Qe8
{[%clk 01:18:19]} {[%emt 00:01:43]} 14. Nf6+ {[%clk 01:12:58]} {[%emt
00:04:08]} gxf6 {[%clk 01:13:09]} {[%emt 00:05:38]} 15. exf6 {[%clk 01:13:07]}
{[%emt 00:00:22]} Nce5 {[%clk 00:52:59]} {[%emt 00:20:40]} 16. Nxe5 {[%clk
01:13:30]} {[%emt 00:00:07]} Nxe5 {[%clk 00:53:23]} {[%emt 00:00:05]} 17. Qxe5
{[%clk 01:13:53]} {[%emt 00:00:08]} Qc6 {[%clk 00:53:48]} {[%emt 00:00:04]} 18.
Bh6 {[%clk 01:13:53]} {[%emt 00:00:31]} Kh8 {[%clk 00:54:03]} {[%emt 00:00:14]}
19. Qg5 {[%clk 01:13:56]} {[%emt 00:00:28]}  1-0